000
00353pab a2200157 454500
008
180718b2004 xxu||||| |||| 00| 0 eng d
100
_a
Menon, Meena
245
_a
Women police for protection of women
260
_c
2004
300
_a
p.27-28.
362
_a
Feb
650
_a
Police
650
_a
Women
773
_a
Social Welfare
909
_a
59473
999
_c
59473
_d
59473